000 00749nam a22002177a 4500
999 _c7674
_d7674
005 20251125232815.0
008 s2540 th tha d
040 _aNALT
041 _atha
050 _aHF5437 อ133ก 2540
100 0 _aอดุลย์ จาตุรงคกุล
245 1 0 _aการจัดซื้อ [3rd]
246 _aPurchasing
260 3 _aกรุงเทพฯ :
_bโรงพิมพ์มหาวิทยาลัยธรรมศาสตร์,
_c2540
300 _a493 หน้า :
_b ตาราง ;
_c 26 ซม.
650 0 4 _aการจัดซื้อ
850 _aNALT
856 4 0 _uhttps://hdl.handle.net/20.500.14156/448766
_71
942 _cGB
_2lcc